Los sistemas fiscales y la redistribución de la renta: panorámica sobre América Latina y Colombia /
Guardado en:
| Hovedforfatter: | |
|---|---|
| Andre forfattere: | |
| Format: | Bog |
| Sprog: | Spanish |
| Tags: |
Tilføj Tag
Ingen Tags, Vær først til at tagge denne postø!
|
MARC
| LEADER | 00000nam a22000007a 4500 | ||
|---|---|---|---|
| 003 | cru CRAI/IIS | ||
| 005 | 20200123153100.0 | ||
| 008 | 200123t2019 co |||||r||||||0| 0|spa|d | ||
| 999 | |c 42875 |d 42875 | ||
| 040 | |c cru CRAI/IIS | ||
| 100 | 1 | |9 8984 |a Riccardi, Davide | |
| 245 | 1 | 4 | |a Los sistemas fiscales y la redistribución de la renta: |b panorámica sobre América Latina y Colombia / |c Davide Riccardi, Jairo Agudelo Taborda |
| 300 | |a páginas 105-130: |b gráficos | ||
| 700 | 1 | |9 8977 |a Agudelo Taborda, Jairo | |
| 773 | 0 | |0 42684 |9 3972 |a Brinkmann, Sören |d Bogotá Fundación Konrad Adenauer, 2019 |o 18549 |t El modelo social europeo y América Latina / |z 9789585687172 | |
| 942 | |2 ddc |c LI | ||



